Carey Library (Record no. 7837)

MARC details
000 -LEADER
fixed length control field 00550nam a2200229 a 4500
020 ## - INTERNATIONAL STANDARD BOOK NUMBER
ISBN
082 00 - DEWEY DECIMAL CLASSIFICATION NUMBER
Classification number 027
Author Cutter SER
245 ## - TITLE STATEMENT
Title Carey Library
260 ## - PUBLICATION, DISTRIBUTION, ETC. (IMPRINT)
Place of publication Serampore
Name of publisher Serampore College
Year of publication 0000
300 ## - PHYSICAL DESCRIPTION
Number of Pages 11p
500 ## - GENERAL NOTE
General note includes index and biblioraphy
505 2# - FORMATTED CONTENTS NOTE
Formatted contents note Index
650 ## - SUBJECT ADDED ENTRY--TOPICAL TERM
Topical Term Manuscripts-Library-Catalogue
942 ## - ADDED ENTRY ELEMENTS (KOHA)
Koha item type Books
Holdings
Collection code Home library Current library Date acquired Cost, normal purchase price Full call number Accession Number Koha item type
  Henry Martyn Institute Library Henry Martyn Institute Library 03/15/2007 100.00 027 SER 010145 Books
                   Copyright © 2026 | Henry Martyn Institute | Hyderabad | TS-500052 | INDIA | Implemented by hmi.edu.in
Hit-Count:

Powered by Koha